[Event "MAU-ch"]
[Site "Nouadhibou"]
[Date "2014.01.03"]
[Round "11"]
[White "Abdi Abdi, Sidi"]
[Black "Mohamed, Lemine Haddou"]
[Result "0-1"]
[WhiteElo "1604"]
[BlackElo "1641"]
[PlyCount "62"]
[EventDate "2013.12.28"]
[EventType "swiss"]
[EventRounds "11"]
[EventCountry "MAU"]
[SourceTitle "CBM 158 Extra"]
[Source "ChessBase"]
[SourceDate "2014.02.28"]
[SourceVersion "1"]
[SourceVersionDate "2014.02.28"]
[SourceQuality "1"]

1. e4 e5 2. Nf3 Nc6 3. d4 exd4 4. Nxd4 Qf6 5. c3 Bc5 6. Be3 Nge7 7. Nd2 0-0 8. N2f3 d5 9. Bd3 Bg4 10. 0-0 Ne5 11. Bg5 Nxf3+ 12. Nxf3 Qe6 13. Qc2 Bxf3 14. gxf3 Qh3 15. Be2 dxe4 16. Qxe4 Ng6 17. Rad1 Bd6 18. f4 h6 19. Rxd6 cxd6 20. Be7 Rfe8 21. Qe3 Qxe3 22. fxe3 Rxe7 23. Rf3 Rae8 24. Kf2 Nh4 25. Rg3 Nf5 26. Rg2 Nxe3 27. Rg1 Re4 28. Kf3 Nd5 29. Bc4 Rxf4+ 30. Kg3 Re3+ 31. Kg2 Rxc4 0-1